Social Internet-networks in the life of Vietnamese students; SHS Web of Conferences; Vol. 28 : Research Paradigms Transformation in Social Sciences (RPTSS 2015)
| Parent link: | SHS Web of Conferences Vol. 28 : Research Paradigms Transformation in Social Sciences (RPTSS 2015).— 2016.— [01101, 5 p.] |
|---|---|
| Autor Principal: | |
| Autor Corporativo: | |
| Outros autores: | , |
| Summary: | Title screen The description of the results of research of influence of virtual social networks on the life of Vietnamese students studying in Tomsk Polytechnic University and in several Universities of Vietnam is represented in this article. The research is aimed at both determination of how Vietnamese students use a social Internet-network and determination of a possibility of using social networks in teaching international students at TPU. Interests and needs of Vietnamese students in social Internet-networks were chosen as the subject of study. The method of online survey in the resource of Google Drive was used for research. The results of this research can be used in the learning process as an additional resource for successful training of Vietnamese students in the Russian-speaking environment. |
| Idioma: | inglés |
| Publicado: |
2016
|
| Subjects: | |
| Acceso en liña: | http://dx.doi.org/10.1051/shsconf/20162801101 http://earchive.tpu.ru/handle/11683/33135 |
| Formato: | MixedMaterials Electrónico Capítulo de libro |
| KOHA link: | https://koha.lib.tpu.ru/cgi-bin/koha/opac-detail.pl?biblionumber=649638 |
MARC
| LEADER | 00000nla2a2200000 4500 | ||
|---|---|---|---|
| 001 | 649638 | ||
| 005 | 20240116154039.0 | ||
| 035 | |a (RuTPU)RU\TPU\network\14800 | ||
| 035 | |a RU\TPU\network\14799 | ||
| 090 | |a 649638 | ||
| 100 | |a 20160729a2016 k y0engy50 ba | ||
| 101 | 0 | |a eng | |
| 105 | |a y z 100zy | ||
| 135 | |a drcn ---uucaa | ||
| 181 | 0 | |a i | |
| 182 | 0 | |a b | |
| 200 | 1 | |a Social Internet-networks in the life of Vietnamese students |f Tran Dinh Tan Xu, N. S. Polyakova, S. S. Shipilova | |
| 203 | |a Text |c electronic | ||
| 300 | |a Title screen | ||
| 320 | |a [References: 7 tit.] | ||
| 330 | |a The description of the results of research of influence of virtual social networks on the life of Vietnamese students studying in Tomsk Polytechnic University and in several Universities of Vietnam is represented in this article. The research is aimed at both determination of how Vietnamese students use a social Internet-network and determination of a possibility of using social networks in teaching international students at TPU. Interests and needs of Vietnamese students in social Internet-networks were chosen as the subject of study. The method of online survey in the resource of Google Drive was used for research. The results of this research can be used in the learning process as an additional resource for successful training of Vietnamese students in the Russian-speaking environment. | ||
| 461 | 0 | |0 (RuTPU)RU\TPU\network\14324 |t SHS Web of Conferences | |
| 463 | 0 | |0 (RuTPU)RU\TPU\network\14326 |t Vol. 28 : Research Paradigms Transformation in Social Sciences (RPTSS 2015) |o International Conference, December 15-17, 2015, Tomsk, Russia |o [proceedings] |f National Research Tomsk Polytechnic University (TPU) ; eds. I. B. Ardashkin ; N. V. Martyushev |v [01101, 5 p.] |d 2016 | |
| 610 | 1 | |a электронный ресурс | |
| 610 | 1 | |a труды учёных ТПУ | |
| 610 | 1 | |a социальные сети | |
| 610 | 1 | |a интернет-сети | |
| 610 | 1 | |a вьетнамские студенты | |
| 610 | 1 | |a обучение | |
| 610 | 1 | |a учебный процесс | |
| 700 | 0 | |a Tran Dinh Tan Xu | |
| 701 | 1 | |a Polyakova |b N. S. |c chemist |c assistant of Tomsk Polytechnic University, senior laboratory assistant |f 1955- |g Nataliya Sergeevna |3 (RuTPU)RU\TPU\pers\37068 | |
| 701 | 1 | |a Shipilova |b S. S. |c specialist in the field of higher professional education |c Associate Professor of Tomsk Polytechnic University, candidate of physico-mathematical Sciences |f 1979- |g Svetlana Sergeevna |3 (RuTPU)RU\TPU\pers\35012 |9 18303 | |
| 712 | 0 | 2 | |a Национальный исследовательский Томский политехнический университет (ТПУ) |b Институт международного образования и языковой коммуникации (ИМОЯК) |b Кафедра междисциплинарная (МД) |3 (RuTPU)RU\TPU\col\19012 |
| 801 | 2 | |a RU |b 63413507 |c 20170120 |g RCR | |
| 856 | 4 | |u http://dx.doi.org/10.1051/shsconf/20162801101 | |
| 856 | 4 | |u http://earchive.tpu.ru/handle/11683/33135 | |
| 942 | |c CF | ||